[Event "Cairo Al Ain op"]
[Site "Cairo"]
[Date "2023.11.28"]
[Round "3"]
[White "Osama Kamal, Kareem"]
[Black "Atteya Essa, Khaled"]
[Result "0-1"]
[WhiteElo "1417"]
[BlackElo "1967"]
[PlyCount "72"]
[EventDate "2023.11.27"]
[EventType "swiss"]
[EventRounds "10"]
[EventCountry "EGY"]
[SourceTitle "CB49_2023"]
[SourceDate "2023.12.06"]
[SourceVersion "1"]
[SourceVersionDate "2023.12.06"]
[SourceQuality "1"]

1. e4 c5 2. Nf3 Nc6 3. d4 cxd4 4. Nxd4 Nf6 5. Nc3 d6 6. Be2 g6 7. Be3 Bg7 8. 0-0 a6 9. Rb1 Nxd4 10. Qxd4 0-0 11. Qb6 Qe8 12. f3 Nd7 13. Qc7 b5 14. Nd5 Rb8 15. Qa5 e6 16. Nb4 Bb7 17. Nxa6 Ra8 18. Bxb5 Bxa6 19. Bxa6 Nb8 20. Bb5 Ra7 21. Qa6 Rxa6 22. Bxe8 Ra5 23. a3 Rxe8 24. Rfd1 Nc6 25. Bf4 d5 26. exd5 Rc8 27. b4 exd5 28. a4 Rxa4 29. Rxd5 Ra3 30. Bd6 Nd4 31. Kf1 Ne2 32. b5 Nc3 33. b6 Nxb1 34. b7 Ra1 35. Kf2 Nc3 36. Rc5 Re8 0-1